[Event "Toronto Willowdale CC ch Reserve"]
[Site "Toronto"]
[Date "2012.02.07"]
[Round "1"]
[White "Kornmann, Max"]
[Black "Kormendi, Fred"]
[Result "0-1"]
[WhiteElo "1686"]
[BlackElo "1543"]
[PlyCount "110"]
[EventDate "2012.02.07"]
[EventType "match"]
[EventRounds "6"]
[EventCountry "CAN"]
[SourceTitle "EXT 2022"]
[Source "ChessBase"]
[SourceDate "2021.10.06"]
[SourceVersion "1"]
[SourceVersionDate "2021.10.06"]
[SourceQuality "1"]

1. e4 Nc6 2. Nf3 e5 3. Bc4 Bc5 4. 0-0 d6 5. Nc3 Nf6 6. a3 Bg4 7. h3 Bh5 8. Be2 Nd4 9. Nxd4 exd4 10. Bxh5 dxc3 11. bxc3 Qe7 12. Bf3 0-0-0 13. Re1 h5 14. d3 Nd7 15. Rb1 g6 16. e5 Bb6 17. exd6 Qxd6 18. d4 Nb8 19. a4 c6 20. Be3 Bc7 21. g3 h4 22. Bf4 Qd7 23. Bxc7 Kxc7 24. g4 f5 25. Qd2 Qf7 26. Qg5 Nd7 27. Rb2 Nf6 28. Reb1 b6 29. Qf4+ Rd6 30. Rb4 Nd5 31. Bxd5 Qxd5 32. Re1 Kb7 33. Re7+ Ka6 34. Re5 Qa2 35. Re2 Re6 36. Qf3 Rxe2 37. Qxe2+ Kb7 38. Qe7+ Ka6 39. Qd7 Qa1+ 40. Kg2 Qxc3 41. Rb3 Qxc2 42. Re3 fxg4 43. Re7 gxh3+ 44. Kxh3 Qf5+ 45. Qxf5 gxf5 46. Re6 Ka5 47. Rxc6 Kxa4 48. Rc1 Rd8 49. Ra1+ Kb4 50. Rxa7 Rxd4 51. Rf7 f4 52. Kxh4 b5 53. Kg4 Kb3 54. Rxf4 Rxf4+ 55. Kxf4 b4 0-1

[Event "Toronto-ch Seniors"]
[Site "Toronto"]
[Date "2010.11.30"]
[Round "6"]
[White "Pancer, Jeff"]
[Black "Kornmann, Max"]
[Result "1-0"]
[WhiteElo "1233"]
[BlackElo "1746"]
[PlyCount "59"]
[EventDate "2010.10.26"]
[EventType "tourn"]
[EventRounds "7"]
[EventCountry "CAN"]
[SourceTitle "EXT 2022"]
[Source "ChessBase"]
[SourceDate "2021.10.06"]
[SourceVersion "1"]
[SourceVersionDate "2021.10.06"]
[SourceQuality "1"]

1. h3 e5 2. a3 Nf6 3. d3 d6 4. e3 Be7 5. b3 0-0 6. g4 h6 7. Bb2 Nh7 8. Ne2 Bd7 9. Bg2 Bc6 10. Bxc6 Nxc6 11. b4 Bh4 12. Ng3 Bxg3 13. fxg3 f5 14. Kd2 fxg4 15. Qxg4 Qf6 16. Nc3 Qf2+ 17. Ne2 Ng5 18. Raf1 Nf3+ 19. Kd1 Qxe3 20. Bc1 Qb6 21. Bxh6 Rf7 22. Rxf3 Raf8 23. Rxf7 Rxf7 24. Bd2 Ne7 25. h4 Nf5 26. h5 Qf2 27. h6 Qg2 28. Rg1 Qf2 29. hxg7 Rxg7 30. Qh5 1-0

[Event "Toronto-B1"]
[Site "Toronto"]
[Date "2008.02.19"]
[Round "5"]
[White "Barmasch, Oswald"]
[Black "Kornmann, Max"]
[Result "0-1"]
[WhiteElo "1617"]
[BlackElo "1799"]
[PlyCount "96"]
[EventDate "2008.01.22"]
[EventType "tourn"]
[EventRounds "7"]
[EventCountry "CAN"]
[SourceTitle "EXT 2011"]
[Source "ChessBase"]
[SourceDate "2010.11.26"]
[SourceVersion "1"]
[SourceVersionDate "2010.11.26"]
[SourceQuality "1"]

1. e4 e5 2. Nf3 d6 3. d4 Nf6 4. Nc3 Nbd7 5. Bc4 Be7 6. dxe5 Nxe5 7. Nxe5 dxe5 8. Qxd8+ Bxd8 9. Bg5 c6 10. a4 h6 11. Bh4 0-0 12. 0-0 Nxe4 13. Nxe4 Bxh4 14. Nd6 b6 15. f4 exf4 16. Rxf4 Bf6 17. Raf1 Be6 18. Bxe6 fxe6 19. b3 Rad8 20. Ne4 Bd4+ 21. Kh1 Rxf4 22. Rxf4 Be3 23. Rf1 Rd4 24. Nc3 Rd2 25. Nd1 Bg5 26. c3 e5 27. g3 e4 28. Re1 Bf6 29. Kg1 e3 30. Nxe3 Bxc3 31. Nc4 Bd4+ 32. Kh1 Rd3 33. Re4 Bf6 34. b4 b5 35. axb5 cxb5 36. Na5 Rc3 37. Re6 Rc7 38. Rc6 Rd7 39. Rc5 a6 40. Rc6 Ra7 41. Rc8+ Kf7 42. Nc6 Rb7 43. Ra8 Rb6 44. Nb8 Ke6 45. Nxa6 Kd5 46. Nc5 Kc4 47. Nd7 Rd6 48. Nxf6 Rxf6 0-1

[Event "Toronto-B1"]
[Site "Toronto"]
[Date "2008.01.22"]
[Round "1"]
[White "Stein, Mickey"]
[Black "Kornmann, Max"]
[Result "1-0"]
[WhiteElo "2009"]
[BlackElo "1799"]
[PlyCount "83"]
[EventDate "2008.01.22"]
[EventType "tourn"]
[EventRounds "7"]
[EventCountry "CAN"]
[SourceTitle "EXT 2011"]
[Source "ChessBase"]
[SourceDate "2010.11.26"]
[SourceVersion "1"]
[SourceVersionDate "2010.11.26"]
[SourceQuality "1"]

1. e4 e5 2. Nf3 d6 3. d4 Nf6 4. Nc3 exd4 5. Nxd4 Be7 6. Bf4 0-0 7. Qd2 a6 8. 0-0-0 Re8 9. f3 Nh5 10. Be3 g6 11. g4 Ng7 12. Nd5 Bh4 13. Kb1 Nd7 14. Bg2 Ne5 15. Bf2 Bxf2 16. Qxf2 c6 17. Nc3 Qb6 18. Qf1 Ne6 19. Nxe6 Bxe6 20. Qg1 Qxg1 21. Rhxg1 Rad8 22. h3 Nc4 23. Rge1 Nb6 24. f4 d5 25. exd5 Nxd5 26. Nxd5 cxd5 27. Rd4 Kg7 28. b3 b6 29. Red1 f5 30. g5 Bf7 31. a4 Re7 32. c4 Re3 33. R1d3 Rxd3 34. Rxd3 d4 35. Kc2 h6 36. h4 hxg5 37. hxg5 b5 38. cxb5 axb5 39. a5 Rc8+ 40. Kd2 Rc3 41. Rxc3 dxc3+ 42. Kxc3 1-0